000 003970000a22001570004500
005 20120302054733.0
942 _cBOOK
100 _a Joshi,keshav Ramchandra
245 _a Shakti Paatayoga Rahasya Artharth Siddha Mahayoga Shastra
260 _aPune:Siddha Yoga Prakashan,1973.
300 _a382p.
040 _aMAR
365 _b30/-
650 _aDharma
650 _aShaktipaatyoga Rahasya
999 _c346464
_d346461